Trace the Coast of Afro-Eurasia in 1936 - Statistics

General Stats
  • This quiz has been taken 1,416 times
    610 since last reset
  • The average score is 78 of 122
Answer Stats
Answer % Correct
Soviet Union
100%
China
97%
Japan (Korea, Manchukuo, Kwantung)
97%
China
77%
Japan (East Hebei)
76%
United Kingdom(Hong Kong)
76%
China
75%
China
73%
China
73%
France (Guangzhouwan)
73%
France (Indochina)
73%
United Kingdom (British India)
73%
United Kingdom (Malaya)
73%
Portugal(Macau)
72%
United Kingdom (British India)
72%
United Kingdom (British India)
72%
United Kingdom (British India)
72%
United Kingdom(British India)
72%
United Kingdom(British India)
72%
Siam
71%
United Kingdom(British India)
71%
United Kingdom(British India)
71%
United Kingdom(British India)
71%
United Kingdom (British India, Gwadar)
71%
France (Pondicherry)
70%
France(Karikal)
69%
France(Mahé)
69%
France (Pondicherry)
69%
France(Pondicherry)
69%
United Kingdom(Kuwait, Saudi-Kuwait Neutral Zone)
69%
Iran
68%
Portugal(Goa)
68%
Siam
68%
United Kingdom(Qatar, Trucial States, Oman, Aden)
68%
Portugal (Diu)
67%
Portugal(Fort St. Anthony of Simbor)
67%
United Kingdom(Anglo-Egyptian Sudan)
67%
United Kingdom(Cameroon, Nigeria)
67%
United Kingdom(Kenya, Tanganyika)
67%
United Kingdom(Somaliland)
67%
United Kingdom(Transjordan, Palestine)
67%
France(Equatorial Africa)
66%
France(Somaliland)
66%
Portugal(Daman)
66%
United Kingdom(Gold Coast)
66%
France(Cameroon)
65%
France (West Africa)
65%
France(West Africa, Togoland)
65%
Portugal (Angola)
65%
Belgium(Congo)
64%
Egypt
64%
France(Lebanon, Syria)
64%
France(Morocco, Algeria, Tunisia)
64%
France(Morocco)
64%
France(Morocco)
64%
France(West Africa)
64%
France(West Africa)
64%
Iraq
64%
Portugal(Mozambique)
64%
Saudi Arabia
64%
South Africa(South Africa, South West Africa)
64%
United Kingdom(Gambia)
64%
United Kingdom(Palestine)
64%
United Kingdom(Sierra Leone)
64%
France(West Africa)
63%
Italy(Eritrea)
63%
Italy(Libya)
63%
Portugal(Cabinda)
63%
Saudi Arabia
63%
Spain(Morocco)
63%
Spain(Sahara, Cape Juby)
63%
Turkey
63%
Egypt
62%
Italy(Somaliland)
62%
Spain(Guinea)
62%
Spain (Ifni)
62%
Spain(Morocco, Ceuta, Melilla)
62%
Greece
61%
Portugal(Guinea)
61%
Belgium
60%
France
60%
France
60%
France
60%
Italy
60%
Italy(Zara)
60%
Liberia
60%
Netherlands(Zeelandic Flanders)
60%
Portugal
60%
Spain
60%
Spain
60%
Spain
60%
Yemen
60%
Albania
59%
Germany
59%
Germany
59%
Monaco
59%
Soviet Union
59%
Turkey(East Thrace)
59%
United Kingdom(Gibraltar)
59%
Yugoslavia
59%
Yugoslavia
59%
Belgium
58%
Bulgaria
58%
Denmark
58%
Netherlands
58%
Poland
58%
Romania
58%
Germany (Vistula Spit)
52%
Finland
51%
Norway
51%
Soviet Union
51%
Soviet Union
51%
Sweden
51%
Finland
50%
Germany(East Prussia)
49%
Danzig
48%
Estonia
48%
Germany(Curonian Spit)
48%
Latvia
48%
Lithuania
47%
Lithuania
47%
Danzig
45%
No matching quizzes found
Score Distribution
Percent of People with Each Score
Percentile by Number Answered
Your Score History
You have not taken this quiz since the last reset